A bibliography of Bertrand Russell(E-BOOK) (Record no. 192946)

000 -LEADER
fixed length control field 00943 a2200253 4500
003 - CONTROL NUMBER IDENTIFIER
control field Nust
005 - DATE AND TIME OF LATEST TRANSACTION
control field 20170207154047.0
010 ## - LIBRARY OF CONGRESS CONTROL NUMBER
LC control number 94005168
020 ## - INTERNATIONAL STANDARD BOOK NUMBER
International Standard Book Number 0415104874 (v. 1)
020 ## - INTERNATIONAL STANDARD BOOK NUMBER
International Standard Book Number 0415110866 (v. 2)
020 ## - INTERNATIONAL STANDARD BOOK NUMBER
International Standard Book Number 0415110866 (v. 3)
040 ## - CATALOGING SOURCE
Transcribing agency Nust
082 00 - DEWEY DECIMAL CLASSIFICATION NUMBER
Classification number 192 s
-- 016.192
100 1# - MAIN ENTRY--PERSONAL NAME
Personal name Blackwell, Kenneth.
245 12 - TITLE STATEMENT
Title A bibliography of Bertrand Russell(E-BOOK)
Statement of responsibility, etc. by Kenneth Blackwell and Harry Ruja ; with the assistance of Bernd Frohmann, John G. Slater, and Sheila Turcon.
260 ## - PUBLICATION, DISTRIBUTION, ETC.
Place of publication, distribution, etc. London ;
-- New York :
Name of publisher, distributor, etc. Routledge,
Date of publication, distribution, etc. 1994.
300 ## - PHYSICAL DESCRIPTION
Extent 3 v. :
Other physical details ill. ;
Dimensions 24 cm.
490 1# - SERIES STATEMENT
Series statement The collected papers of Bertrand Russell. Bibliography ;
Volume/sequential designation v. 1-3
505 0# - FORMATTED CONTENTS NOTE
Formatted contents note v. 1. Separate publications, 1896-1990 -- v. 2. Serial publications, 1890-1990 -- v. 3. Indexes.
600 10 - SUBJECT ADDED ENTRY--PERSONAL NAME
Personal name Russell, Bertrand,
Dates associated with a name 1872-1970
General subdivision Bibliography.
651 ## - SUBJECT ADDED ENTRY--GEOGRAPHIC NAME
Geographic name E-BOOK
700 1# - ADDED ENTRY--PERSONAL NAME
Personal name Ruja, Harry,
Dates associated with a name 1912-
800 1# - SERIES ADDED ENTRY--PERSONAL NAME
Personal name Russell, Bertrand,
Dates associated with a name 1872-1970.
942 ## - ADDED ENTRY ELEMENTS (KOHA)
Source of classification or shelving scheme
Koha item type Book
Holdings
Withdrawn status Lost status Source of classification or shelving scheme Damaged status Not for loan Collection code Permanent Location Current Location Date acquired Total Checkouts Full call number Barcode Date last seen Price effective from Koha item type
            Military College of Signals (MCS) Military College of Signals (MCS) 12/12/2016   016.192 BL\ MCSEB-2622 12/08/2016 12/12/2016 Book
© 2023 Central Library, National University of Sciences and Technology. All Rights Reserved.